Homme du match à la Copa 2024 - Statistiques

Statistiques générales
  • Ce quiz a été pris 38 fois
  • Le résultat moyen est 11 sur 32
Statistiques - réponses
Match Score Joueur % Correct
Argentine - Canada 2 - 0 Lionel Messi
97%
Argentine - Pérou 2 - 0 Lautaro Martínez
82%
Bolivie - Panama 1 - 3 Cristian Martínez
79%
Argentine - Équateur 1 - 1 pen(4-2) Emiliano Martínez
79%
Colombie - Paraguay 2 - 1 James Rodríguez
76%
Brésil - Colombie 1 - 1 James Rodríguez
76%
Colombie - Panama 5 - 0 James Rodríguez
76%
Uruguay - Colombie 0 - 1 James Rodríguez
76%
Paraguay - Brésil 1 - 4 Vinícius Jr
63%
Argentine - Colombie 1 - 0 Ángel Di María
55%
Pérou - Canada 0 - 1 Jonathan David
53%
Canada - Uruguay 2 - 2 pen(3-4) Luis Suárez
47%
Argentine - Canada 2 - 0 Julián Álvarez
42%
États-Unis - Bolivie 2 - 0 Christian Pulisic
32%
Pérou - Chili 0 - 0 Alexis Sánchez
29%
Canada - Chili 0 - 0 Alexis Sánchez
29%
Uruguay - Panama 3 - 1 Maximiliano Araújo
24%
Uruguay - Bolivie 5 - 0 Maximiliano Araújo
24%
Colombie - Costa Rica 3 - 0 Luis Díaz
21%
Équateur - Jamaïque 3 - 1 Moisés Caicedo
13%
Mexique - Équateur 0 - 0 Moisés Caicedo
13%
Uruguay - Brésil 0 - 0 pen(4-2) Sergio Rochet
8%
Chili - Argentine 0 - 1 Claudio Bravo
5%
Panama - États-Unis 2 - 1 Folarin Balogun
5%
Venezuela - Canada 1 - 1 pen(3-4) Jacob Shaffelburg
3%
Équateur - Venezuela 1 - 2 Salomón Rondón
3%
Venezuela - Mexique 1 - 0 Salomón Rondón
3%
Jamaïque - Venezuela 0 - 3 Salomón Rondón
3%
Mexique - Jamaïque 1 - 0 Gerardo Arteaga
0%
Costa Rica - Paraguay 2 - 1 Josimar Alcócer
0%
États-Unis - Uruguay 0 - 1 Mathías Olivera
0%
Brésil - Costa Rica 0 - 0 Patrick Sequeira
0%
Aucun quiz correspondant
Distribution des résultats
% des personnes avec chaque résultat
Percentile par nombre de réponses
Votre historique - résultats
Vous n’avez pas pris ce quiz